000 00598nam a2200241 a 4500
001 nice12345678
003 IN_TiNIC
005 20260116011719.0
008 050524s1879 egya grp 000 0 ara
020 _a
_c100
082 0 0 _a297.4
_bISM
100 _aIsmail-Al-Qadri,
245 _aAl-Fuyudat-Ur-Rabbaniyya Fi Maathir-Il-Qadiriyya
260 _aEgypt
_bMaktaba-E-ilmia
_c1879
300 _a256p
500 _aincludes index and biblioraphy
505 2 _aresereved
650 _aSufism-Qadriyah
700 1 _aIsmail-Al-Qadri,
902 _bRBA
942 _cBK
999 _c3499
_d3499